000 00629nam a2200229 a 4500
001 12747
003 CO-ViMGA
008 141112s2004 ck r 000 u spa d
020 _a8475302785
040 _aCO-ViMGA
_bspa
_cCO-ViMGA
082 0 4 _a335 S24c5
100 1 _aSchumpeter, Joseph A.
_918429
245 1 0 _aCapitalismo, Socialismo y Democracia
260 _aBarcelona :
_bOrbis,
_c1983
300 _a300p.
490 _aBiblioteca de Economía
590 _aForma de adquisición : DONCION - - Proveedor : HERNANDO PARRA
650 1 4 _aCAPITALISMO
650 1 4 _aDEMOCRACIA
650 1 4 _aSOCIALISMO
942 _2ddc
_cBK
999 _c23691
_d23691